000 01267nam a22002417a 4500
005 20210325191311.0
008 s2533 th tha d
041 _atha
090 _aว DS569 ม453น 2533
100 0 _aมานิตย์ ภูริโภไคย
245 1 0 _aแนวทางแก้ไขปัญหาเกี่ยวกับชนกลุ่มน้อยสัญชาติพม่าเพื่อเสริมสร้างความมั่นคงชายแดนด้านพม่า
260 3 _aกรุงเทพฯ :
_bวิทยาลัยป้องกันราชอาณาจักร,
_c2533
300 _a113 หน้า :
_b ภาพประกอบ, ตาราง, แผนที่ ;
_c 29 ซม.
650 0 4 _aความมั่นคงแห่งชาติ -- ไทย
650 0 4 _aชนกลุ่มน้อย -- พม่า
650 0 4 _aชนกลุ่มน้อย -- ไทย
650 0 4 _aนโยบายการทหาร -- ไทย
650 0 4 _aไทย -- ปัญหาชายแดน
850 _aNALT
942 _cRSH
997 _c000000000028019
_kVC
998 _aNISA LAUNGTONGKUM
999 _c28019
_d28019